Analýza zmien živnostenského zákona

Podstata zmeny živnostenského zákona. Stručná informácia o najvýznamnejších zmenách, ktoré nastali od septembra 2007 v oblasti živnostenského zákona.

Salvato in:
Dettagli Bibliografici
Autore principale: Strážovská, Ľubomíra
Natura: Capitolo di libro
Lingua:slovacco
Soggetti:
Tags: Aggiungi Tag
Nessun Tag, puoi essere il primo ad aggiungerne!!

MARC

LEADER 00000naa$a2200000$$$4500
001 0064074
005 20231005085920.4
041 0 |a slo 
044 |a SK 
245 1 0 |a Analýza zmien živnostenského zákona  |c Ľubomíra Strážovská 
520 |a Podstata zmeny živnostenského zákona. Stručná informácia o najvýznamnejších zmenách, ktoré nastali od septembra 2007 v oblasti živnostenského zákona. 
610 2 0 |a živnosti 
610 2 0 |a živnostníci 
610 2 0 |a podnikanie živnostenské 
610 2 0 |a úpravy právne 
610 2 0 |a Slovensko 
100 1 |a Strážovská, Ľubomíra